Concrete technology (Record no. 4023)

000 -LEADER
fixed length control field 00455nam a22001817a 4500
001 - CONTROL NUMBER
control field 4023
003 - CONTROL NUMBER IDENTIFIER
control field BD-DhUET
008 - FIXED-LENGTH DATA ELEMENTS--GENERAL INFORMATION
fixed length control field 141111b xxu||||| |||| 00| 0 eng d
040 ## - CATALOGING SOURCE
Transcribing agency 0
Modifying agency BD-DhUET
082 ## - DEWEY DECIMAL CLASSIFICATION NUMBER
Classification number 620.136
Item number SHE/1982
100 ## - MAIN ENTRY--PERSONAL NAME
Personal name Shetty, M. S.
245 ## - TITLE STATEMENT
Title Concrete technology
Remainder of title theory and practice
250 ## - EDITION STATEMENT
Edition statement 1st ed.
260 ## - PUBLICATION, DISTRIBUTION, ETC. (IMPRINT)
Place of publication, distribution, etc. New Delhi
Name of publisher, distributor, etc. S. Chand
Date of publication, distribution, etc. 1982
300 ## - PHYSICAL DESCRIPTION
Extent xiv, 592p.
Other physical details ill.
650 #0 - SUBJECT ADDED ENTRY--TOPICAL TERM
Topical term or geographic name as entry element Concrete - Engineering
942 ## - ADDED ENTRY ELEMENTS (KOHA)
Koha item type General Book
Holdings
Location (home branch) Koha full call number Not for loan Koha item type Koha date last borrowed Date acquired Copy number Koha collection Source of classification or shelving scheme Price effective from Piece designation (barcode) Withdrawn status Sublocation or collection (holding branch) Koha date last seen Lost status Koha issues (times borrowed) Damaged status Shelving location Koha normalized classification for sorting
Central Library, BUET620.136/SHE/1982 General Book2014-11-112014-11-112  2014-11-1158310 Central Library, BUET2014-12-23 1 Circulation section620_000000000000000_136SHE1982
Central Library, BUET620.136/SHE/1982 General Book2014-11-162014-11-161  2014-11-1656438 Central Library, BUET2017-06-05 1 Circulation section620_000000000000000_136SHE1982
Central Library, BUET620.136/SHE/1982 General Book2014-11-182014-11-183  2014-11-1858315 Central Library, BUET2016-09-03 1 Circulation section620_136000000000000_SHE_1982
Central Library, BUET620.136/SHE/1982 General Book2016-03-052014-11-264  2014-11-2658312 Central Library, BUET2016-08-21 2 Circulation section620_000000000000000_136SHE1982
Central Library, BUET620.136/SHE/1982 General Book 2015-02-055Non Fiction 2015-02-0558311 Central Library, BUET2015-02-05   Circulation section620_136000000000000_SHE_1982
Central Library, BUET620.136/SHE/1982 Reading Item 2015-06-146  2015-06-1458308 Central Library, BUET2015-06-14   Reading section620_136000000000000_SHE_1982
Central Library, BUET620.136/SHE/1982 Reading Item 2015-06-157  2015-06-1558309 Central Library, BUET2015-06-15   Reading section620_136000000000000_SHE_1982
Central Library, BUET620.136/SHE/1982 Reading Item 2015-06-168  2015-06-1658313 Central Library, BUET2015-06-16   Reading section620_136000000000000_SHE_1982
Central Library, BUET620.136/SHE/1982 Reading Item 2015-06-169  2015-06-1658314 Central Library, BUET2015-06-16   Reading section620_136000000000000_SHE_1982
Central Library, BUET620.136/SHE/1982 Reading Item 2015-06-2010  2015-06-2058316 Central Library, BUET2015-06-20   Reading section620_136000000000000_SHE_1982
Central Library, BUET620.136/SHE/1982 Reading Item 2015-06-2311  2015-06-2355327 Central Library, BUET2015-06-23   Reading section620_136000000000000_SHE_1982